Science Quiz

Random Science Quiz

BSS Grade 9 Sem 1 Exam Physics Quiz Stats

 Plays Quiz not verified by Sporcle

Challenge
Share
Tweet
Embed
Score 0/20 Timer 07:00
0 Plays Today
Question Answer Wrong Answers
Which tool is used to detect electric charge? ???
100%
???
0%
???
0%
???
0%
What happens when you brought a positive rod near the sphere and earthed it? ???
65.5%
???
17.9%
???
6.3%
???
9.8%
What is the charge of a sphere used to create two -2 C spheres when conducted with a -1 C sphere? ???
50.9%
???
3.9%
???
4.2%
???
6%
What will be the charge of an isolated uncharged metal plate when a positively charged rod is brought near to it? ???
39.9%
???
4.2%
???
3.6%
???
3.3%
What is the unit for the rate of flow of charge? ???
36.6%
???
0.6%
???
1.2%
???
1.5%
What is the current of in a circuit if the charge passing each point is 360 C in 3 minutes? ???
26.5%
???
6%
???
1.5%
???
2.7%
What is defined as electrical energy supplied by the battery to drive a charge around a circuit? ???
19.6%
???
4.5%
???
1.2%
???
0.9%
How much is the electrical energy that is converted by a 8 V lamp when a current of 5 A flows in it for 6 s? ???
17.9%
???
0.9%
???
0.3%
???
0.6%
What is defined as energy converted from electrical to other when 1 C of charge passes through it? ???
12.5%
???
0.9%
???
3.9%
???
0.6%
What is the resistance of a lamp when a voltage of 12 V across it causes a current of 4 A? ???
12.5%
???
0%
???
0%
???
0%
If the reading of an ammeter on a parallel circuit is 0.50 A, what will be the current flow on each of the two branch if they both have 1 lamp? ???
12.5%
???
0%
???
0%
???
0%
In a series circuit with two lamps, p.d. across L1 reads 12 V while L2 reads 6 V. What is the p.d. across both lamps? ???
11.9%
???
0.3%
???
0%
???
0.3%
What happens to the potential when it passes through a lamp and then to the battery? ???
9.2%
???
0%
???
0%
???
0%
What is the combined resistance of two 4 Ω resistors connected in parallel? ???
9.2%
???
0.6%
???
0.6%
???
1.5%
Which of these is not a property of magnets? ???
8.6%
???
0%
???
0.3%
???
0.3%
What happens when two nails are suspended on a magnet where they are not hanging on top of each other? ???
3.3%
???
2.7%
???
1.8%
???
0.9%
Which of these materials is not ferromagnetic? ???
2.4%
???
0.3%
???
0.6%
???
0%
If you stroke a magnet with the north pole of a permanent magnet, what will be the pole of the end of the temporary magnet? ???
2.1%
???
0.3%
???
0%
???
0%
What coil is used to make a permanent magnet using direct current? ???
1.8%
???
0%
???
0%
???
0.3%
Which direction will demagnetised a magnet by hammering? ???
1.2%
???
0.6%
???
0%
???
0%

You're not logged in!

Compare scores with friends on all Sporcle quizzes.
Join for Free
OR
Log In

You Might Also Like...

Show Comments

Extras

Created Dec 8, 2016ReportFavoriteNominate
Tags:exam, grade

Top Quizzes Today


Score Distribution

Your Account Isn't Verified!

In order to create a playlist on Sporcle, you need to verify the email address you used during registration. Go to your Sporcle Settings to finish the process.

Report this User

Report this user for behavior that violates our Community Guidelines.

Details: